<?xml version="1.0" encoding="UTF-8"?>
<marc:record xmlns:marc="http://www.loc.gov/MARC21/slim">
   <marc:leader>00000nam a2200000 a 4500</marc:leader>
   <marc:datafield ind1="1" ind2=" " tag="100">
      <marc:subfield code="a">Barkemeier, Martin</marc:subfield>
      <marc:subfield code="4">aut</marc:subfield>
      <marc:subfield code="e">Verfasser/-in</marc:subfield>
   </marc:datafield>
   <marc:datafield ind1="1" ind2=" " tag="100">
      <marc:subfield code="a">Barkemeier, Thomas</marc:subfield>
      <marc:subfield code="4">aut</marc:subfield>
      <marc:subfield code="e">Verfasser/-in</marc:subfield>
   </marc:datafield>
   <marc:datafield ind1=" " ind2=" " tag="653">
      <marc:subfield code="a">Indien</marc:subfield>
   </marc:datafield>
   <marc:datafield ind1=" " ind2=" " tag="653">
      <marc:subfield code="a">Nordindien</marc:subfield>
   </marc:datafield>
   <marc:datafield ind1=" " ind2=" " tag="653">
      <marc:subfield code="a">Shekhawati</marc:subfield>
   </marc:datafield>
   <marc:datafield ind1=" " ind2=" " tag="653">
      <marc:subfield code="a">Reisehandbuch</marc:subfield>
   </marc:datafield>
   <marc:datafield ind1=" " ind2=" " tag="653">
      <marc:subfield code="a">Individualreisende</marc:subfield>
   </marc:datafield>
   <marc:datafield ind1=" " ind2=" " tag="653">
      <marc:subfield code="a">Jaipur</marc:subfield>
   </marc:datafield>
   <marc:datafield ind1=" " ind2=" " tag="653">
      <marc:subfield code="a">2019</marc:subfield>
   </marc:datafield>
   <marc:datafield ind1=" " ind2=" " tag="653">
      <marc:subfield code="a">Udaipur</marc:subfield>
   </marc:datafield>
   <marc:datafield ind1=" " ind2=" " tag="653">
      <marc:subfield code="a">Jaisalmer</marc:subfield>
   </marc:datafield>
   <marc:datafield ind1=" " ind2=" " tag="653">
      <marc:subfield code="a">Taj Mahal</marc:subfield>
   </marc:datafield>
   <marc:datafield ind1=" " ind2=" " tag="653">
      <marc:subfield code="a">Softcover / Reisen/Reiseführer/Asien</marc:subfield>
   </marc:datafield>
   <marc:datafield ind1=" " ind2=" " tag="653">
      <marc:subfield code="a">Führer</marc:subfield>
   </marc:datafield>
   <marc:datafield ind1="0" ind2="0" tag="245">
      <marc:subfield code="a">Rajasthan mit Delhi und Agra</marc:subfield>
   </marc:datafield>
   <marc:datafield ind1="0" ind2="0" tag="245">
      <marc:subfield code="c">Martin Barkemeier undThomas Barkemeier</marc:subfield>
   </marc:datafield>
   <marc:datafield ind1=" " ind2="1" tag="264">
      <marc:subfield code="a">Bielefeld</marc:subfield>
      <marc:subfield code="b">Reise Know-How Verlag Peter Rump GmbH</marc:subfield>
      <marc:subfield code="c">2019</marc:subfield>
   </marc:datafield>
   <marc:datafield ind1="1" ind2=" " tag="490">
      <marc:subfield code="a">Handbuch für individuelles Entdecken</marc:subfield>
   </marc:datafield>
   <marc:datafield ind1=" " ind2=" " tag="250">
      <marc:subfield code="a">10., neu bearbeitete und aktualisierte Auflage</marc:subfield>
   </marc:datafield>
   <marc:datafield ind1="1" ind2=" " tag="520">
      <marc:subfield code="a">Angaben aus der Verlagsmeldung

Reise Know-How Reiseführer Rajasthan mit Delhi und Agra / von Thomas Barkemeier, Martin Barkemeier

Mit diesem aktuellen Reiseführer voller Reise-Know-how führen die Autoren kompetent durch die von Extremen geprägte Region im Nordwesten Indiens:
- Alle praktischen Reisefragen von A (Anreise) bis Z (Zeitverschiebung).
- Sorgfältige Beschreibung aller sehenswerten Orte und Landschaften in Rajasthan.
- 56 Seiten zu Delhi und 30 Seiten zu Agra.
- Unterkunftsempfehlungen in allen Preisklassen und für jeden Geschmack: Hotels, Guest Houses, Backpacker Hostels, Lodges und Palasthotels.
- Kulinarische Tipps von Kennern: die ganze Vielfalt der indischen Küche.
- Verkehrsmittel vom Mietwagen über den Bus bis zur Riksha, inkl. Übersicht über die wichtigsten Bahnverbindungen im Anhang.
- Ausführliche Kapitel zu Natur, Geschichte, Kultur und Religion.
- Tipps für Aktivitäten: Ausflüge in Nationalparks, Kamelsafaris, Bootsfahrten.
- Besichtigungstipps zu den architektonischen Höhepunkten: Forts, Havelis und Tempel.
- Spannende Exkurse mit wissenswerten Hintergrundinformationen über Land und Leute.
- 28 detaillierte Stadtpläne und Karten.
- Glossar wichtiger Hindi-Begriffe.

+++ REISE KNOW-HOW - Reiseführer für individuelle Reisen
</marc:subfield>
   </marc:datafield>
   <marc:datafield ind1=" " ind2=" " tag="020">
      <marc:subfield code="a">9783831732524</marc:subfield>
      <marc:subfield code="9">9783831732524</marc:subfield>
   </marc:datafield>
   <marc:datafield ind1=" " ind2=" " tag="020">
      <marc:subfield code="a">3831732523</marc:subfield>
      <marc:subfield code="9">3831732523</marc:subfield>
   </marc:datafield>
   <marc:datafield ind1=" " ind2=" " tag="041">
      <marc:subfield code="a">ger</marc:subfield>
   </marc:datafield>
   <marc:datafield ind1=" " ind2=" " tag="300">
      <marc:subfield code="a">468 Seiten</marc:subfield>
   </marc:datafield>
</marc:record>
